<?xml version="1.0" encoding="UTF-8"?>
<collection xmlns="http://www.loc.gov/MARC21/slim">
  <record>
    <leader>00000nam  2200000   4500</leader>
    <controlfield tag="001">INLIS000000000056645</controlfield>
    <controlfield tag="005">20200921081402</controlfield>
    <datafield tag="035" ind1="#" ind2="#">
      <subfield code="a">0010-0920000276</subfield>
    </datafield>
    <controlfield tag="007">ta</controlfield>
    <controlfield tag="008">200921###########################0######</controlfield>
    <datafield tag="082" ind1="#" ind2="#">
      <subfield code="a">328.959 865 21</subfield>
    </datafield>
    <datafield tag="084" ind1="#" ind2="#">
      <subfield code="a">328.959 865 21 Pro p</subfield>
    </datafield>
    <datafield tag="245" ind1="1" ind2="#">
      <subfield code="a">Prosiding seminar nasional saintek 2018n :</subfield>
      <subfield code="b">Teknologi dan rekayasa sosial ekonomi berkelanjutan untuk kedaulatan pangan, energi dan lingkungan di kawasan pulau pulau kecil  lombok plaza hotel mataram, 27 oktober 2018 /</subfield>
      <subfield code="c">Muhamma ali</subfield>
    </datafield>
    <datafield tag="300" ind1="#" ind2="#">
      <subfield code="a">650  halaman ;</subfield>
      <subfield code="c">28 cm</subfield>
    </datafield>
    <datafield tag="700" ind1=" " ind2="#">
      <subfield code="a">Dedy Suhendra</subfield>
    </datafield>
    <datafield tag="700" ind1=" " ind2="#">
      <subfield code="a">Sudirman</subfield>
    </datafield>
    <datafield tag="700" ind1=" " ind2="#">
      <subfield code="a">Guyup Mahardian Dwi Putra</subfield>
    </datafield>
    <datafield tag="700" ind1=" " ind2="#">
      <subfield code="a">Fariq Azhar</subfield>
    </datafield>
    <datafield tag="600" ind1="#" ind2="4">
      <subfield code="a">Teknologi Pedesaan - Prosiding</subfield>
    </datafield>
    <datafield tag="264" ind1="#" ind2="#">
      <subfield code="a">Mataram :</subfield>
      <subfield code="b">LPPM Universitas Mataram,</subfield>
      <subfield code="c">2018</subfield>
    </datafield>
    <datafield tag="336" ind1="#" ind2="#">
      <subfield code="a">Text, Gambar</subfield>
      <subfield code="2">rdacontent</subfield>
    </datafield>
    <datafield tag="337" ind1="#" ind2="#">
      <subfield code="a">Buku</subfield>
      <subfield code="2">rdamedia</subfield>
    </datafield>
    <datafield tag="338" ind1="#" ind2="#">
      <subfield code="a">Lain-lain</subfield>
      <subfield code="2">rdacarrier</subfield>
    </datafield>
    <datafield tag="990" ind1="#" ind2="#">
      <subfield code="a">33773377</subfield>
    </datafield>
    <datafield tag="990" ind1="#" ind2="#">
      <subfield code="a">117/49/2020</subfield>
    </datafield>
  </record>
</collection>
